American History By Number - Statistics

General Stats
  • This quiz has been taken 52 times
    51 since last reset
  • The average score is 12 of 15
Answer Stats
Hint Answer % Correct
Number of original British Colonies that became the United States 13
100%
Number of Atomic Bombs dropped on Japan 2
98%
Number of hijacked planes that hit buildings on 9/11 3
98%
Number of years the United States militaristically participated in WW2 (rounding up 2 months) 4
96%
Number of Apollo mission that first landed men on the moon Apollo {11}
96%
Number of people that have served the United States as president, as of March 2024 45
93%
Number of different political parties that have had a president in office 6
91%
Number of Olympic Games that have been and will be played in the United States (includes Los Angeles 2028) 9
85%
Number of the United States calling code +{1}
80%
Number Amendment that began the prohibition of alcohol in the USA {18}th amendment
78%
Number of languages with over 1 million speakers in the United States, as of May 2017 8
76%
Number of American cities over a population of 1 million in 1930 5
72%
Number of states that remained in the Union during the Civil War 23
61%
Number of stars on the Grand Union Flag, historically referred to as the first American flag 0
24%
Number of electoral votes received by George Washington in the first presidential election of 1789 69
20%
No matching quizzes found
Score Distribution
Percent of People with Each Score
Percentile by Number Answered
Your Score History
You have not taken this quiz since the last reset